Personnage Disney en 3 emojis - Statistiques

Statistiques générales
  • Ce quiz a été pris 90 fois
  • Le résultat moyen est 21 sur 48
Statistiques - réponses
Emojis Personnages % Correct
❄️👑✨ Elsa
99%
🦁👑🌅 Simba
97%
🧜‍♀️🌊🎶 Ariel
95%
🐘🎪💔 Dumbo
88%
🧞‍♂️🏜️🏰 Aladdin
87%
🌹📚🏰 Belle
86%
🐟🌊🔍 Némo
77%
💤🌸🏰 Aurore
74%
🍎🪞👑 Blanche-neige
74%
🚗🏁⚡ Flash McQueen
69%
🧚‍♀️🌿✨ Clochette
67%
🕰️🥿✨ Cendrillon
65%
🐉🛡️🔥 Mulan
64%
🧸🤠⭐ Woody
62%
🏹🌲🍃 Robin des bois
58%
🧊👭👑 Anna
56%
🧠🔥😡 Colère
56%
🧠🌈😁 Joie
56%
🧠💜😱 Peur
56%
🧠🤢💚 Dégoût
55%
🌊🧭🌀 Vaiana
55%
🐚🌊🎵 Vaiana
55%
🌺🏝️👽 Stitch
54%
🧠🔵😢 Tristesse
54%
🧪👓🐭 Rémy
53%
🤖🌱🚀 WALL-E
46%
🧵🗼🌞 Raiponce
38%
🦌❄️🤎 Sven
37%
🐸🎺🏙️ Tiana
37%
🧞‍♂️📜😈 Jafar
33%
🦊👔🏙️ Nick Wilde
29%
🦁🦴🌍 Scar
26%
🦀🎶🌊 Sébastien
26%
🧠🎭🎨 Miguel
22%
🐲🌙⚔️ Raya
22%
🐰🚓🏃‍♀️ Judy Hopps
21%
🦸‍♂️👨‍👩‍👧‍👦💥 Mr. Indestructible
21%
🐀🍝🇫🇷 Linguini
15%
🐍🪈🌴 Kaa
14%
🦜🎤🕶️ Iago
8%
🧿🏠🌈 Mirabel
8%
🏝️🌿💪 Tarzan
8%
🐻❄️🌲 Kristoff
6%
🎼💀🌈 Hector
4%
🎈🏠👴 Carl Fredricksen
3%
🧙‍♀️🔥🐉 Maléfique
3%
🐺🕰️👶 Capitaine Crochet
0%
🪄🎩🕰️ Yzma
0%
Aucun quiz correspondant
Distribution des résultats
% des personnes avec chaque résultat
Percentile par nombre de réponses
Votre historique - résultats
Vous n’avez pas pris ce quiz